000 00315nam a2200145Ia 4500
008 210210b1925 xxu||||| |||| 00| 0 eng d
041 _aeng
082 _a883/43
100 _aHARSHA
245 _aRathnAvaLi
260 _aBombay
_b-
_c1925
650 _aRathnAvaLi
690 _aSanskrit Drama
906 _a024373
999 _c149863
_d149863